| 000 | 00389cam a2200157ua 4500 | ||
|---|---|---|---|
| 020 | _a81 219 1025 0 | ||
| 041 |
_aeng _h |
||
| 082 |
_a842.02954 _bMAH/CON |
||
| 100 | _aMahajan, V D . | ||
| 245 |
_aConstitution of india / _cV.D.Mahajan. _hTextual Documents |
||
| 260 |
_aNew Delhi : _bS.Chand & Sons , _c1995. |
||
| 300 | _a570 ; . | ||
| 504 | _a | ||
| 942 | _cBK | ||
| 999 |
_c3053 _d3053 |
||